00928nam a2200241 a 4500001001000000003000500010005001700015008004100032010001100073011001100084040000900095100003000104245015700134260004100291500006000332502007800392650003500470650003100505650003500536700002900571856001600600856007000616000110959CHAP20220329144152.0141030s2014 mx a |sm |||||||spa d a107421 a108393 cCHAP1 aAmbrosio Martínez, Elia10aEstrategias de productibidad en el aserrío en el estado de Puebla: estudio casoh[En línea]cpor Elia Ambrosio Martínez y Rosalba Pacheco Fuentes. aChapingo, Méx. :bEl autor,c2014. aPara ver el contenido del material haga clic en la liga aTesis (Ing. Forestal Industrial) -- UACH. División de Ciencias Forestal14aAserraderosxAdministración.14aMadera aserradaxMercadeo.14aMadera aserradaxProducción.1 aPacheco Fuentes, Rosalba a1 n0000336 aFinding aiduhttp://10.13.5.2/tesis/sist110959.pdfzTeclea aquí